| 000 | 00627nam a2200181Ia 4500 | ||
|---|---|---|---|
| 008 | 090201s9999 xx 000 0 und d | ||
| 010 | _aKPL-69457 | ||
| 040 | _bमराठी | ||
| 041 | _aमराठी | ||
| 082 |
_a48026 _b69457 |
||
| 100 | _aअनंत तिबिले | ||
| 245 |
_aभेटीलागी जीवा ( रामबाग ) _cअनंत तिबिले |
||
| 250 | _a1 | ||
| 260 |
_c2005 _bनंदादीप बुक सर्व्हिसेस् |
||
| 300 |
_a192 _bलहान |
||
| 600 | _aभेटीलागी जीवा ( रामबाग ) | ||
| 942 | _cBOOK | ||
| 999 |
_c244685 _d244685 |
||